Política cambiaria, el nivel de reservas y distorsión de expectativas
Uloženo v:
| Hlavní autor: | |
|---|---|
| Médium: | Kniha |
| Jazyk: | španělština |
| Vydáno: |
Santiago
Pontificia Universidad Católica de Chile
1976
|
| Edice: | Documento de Trabajo, 52
|
| Témata: | |
| Tagy: |
Přidat tag
Žádné tagy, Buďte první, kdo vytvoří štítek k tomuto záznamu!
|
MARC
| LEADER | 00000nam a2200000 a 4500 | ||
|---|---|---|---|
| 001 | UCR8637 | ||
| 003 | CL-VaPUC | ||
| 008 | 980529e19761200CL |||||||||||||||||spa|d | ||
| 082 | 0 | 4 | |a 332.46 |b BER |2 21 |
| 100 | 0 | |a Berger, Frederick E |e author |9 410630 | |
| 245 | 1 | 0 | |a Política cambiaria, el nivel de reservas y distorsión de expectativas |
| 300 | |a 87 p | ||
| 942 | |c BK | ||
| 945 | |d 19980529 00:00:00 |a crobeson | ||
| 260 | |a Santiago |b Pontificia Universidad Católica de Chile |c 1976 | ||
| 650 | 0 | |a Política monetaria |9 258279 | |
| 650 | 7 | |a SISTEMA MONETARIO INTERNACIONAL |2 CL-VaPUC |9 322730 | |
| 583 | |a last modification |c 19980529 00:00:00 |k Rodrigo Vera | ||
| 490 | 0 | |a Documento de Trabajo, 52 | |
| 999 | |c 270033 |d 270031 | ||